Κατάλογος Βιβλιοθηκών Mediterranean College

Electrical Engineering / Principles and Applications: Seventh Edition (Record no. 9695)

MARC details
000 -LEADER
fixed length control field 01180cam a22002054a 4500
005 - ΗΜΕΡΟΜΗΝΙΑ ΚΑΙ ΩΡΑ ΤΕΛΕΥΤΑΙΑΣ ΕΝΗΜΕΡΩΣΗΣ
Πεδίο ελέγχου 20250605164407.0
008 - FIXED-LENGTH DATA ELEMENTS--GENERAL INFORMATION
Πεδίο ελέγχου σταθερού μήκους 250528s ||||||||||||||||||||||||d
035 ## - SYSTEM CONTROL NUMBER
System control number 24858
020 ## - ISBN
ISBN 9781292223124
040 ## - ΠΗΓΗ ΚΑΤΑΛΟΓΟΓΡΑΦΗΣΗΣ
Φορέας πρωτότυπης καταλογογράφησης MC Athens Campus Library
Γλώσσα καταλογογράφησης Ελληνικά, Μοντέρνα (1453-)
Modifying agency MC Athens Campus Library
Κανόνες περιγραφικής καταλογογράφησης AACR2
245 1# - ΤΙΤΛΟΣ ΚΑΙ ΔΗΛΩΣΗ ΥΠΕΥΘΥΝΟΤΗΤΑΣ
Τίτλος Electrical Engineering / Principles and Applications: Seventh Edition
250 ## - EDITION STATEMENT
Edition statement 7th
260 ## - PUBLICATION, DISTRIBUTION, ETC.
Name of publisher, distributor, etc. Pearson,
Date of publication, distribution, etc. 2019
300 ## - PHYSICAL DESCRIPTION
Extent 898
520 ## - SUMMARY, ETC.
Summary, etc. Practical Applications of Electrical Engineering Principles, Introduction, Resistive Circuits, Inductance and Capacitance, Transients, Steady-State Sinusoidal Analysis, Frequency Response and Bode Plots, Logic Circuits, Computers and Microcontrollers and Computer-Based Instrumentation, Diodes, Amplifier: Specifications and External Characteristics, Field-Effect Transistors, Bipolar Junction Transistors, Operational Amplifiers, Magnetic Circuits and Transformers, DC Machines, AC Machines, Appendices, Complex Numbers, Nominal Values and the Color Code for Resistors, The Fundamentals of Engineering, Answers for the Practice Tests, On-Line Student Resources, Index.
700 1# - ΠΡΟΣΘΕΤΗ ΑΝΑΓΡΑΦΗ--ΦΥΣΙΚΟ ΠΡΟΣΩΠΟ
Personal name Hambley Allan R
9 (RLIN) 9603
942 ## - ADDED ENTRY ELEMENTS (KOHA)
Koha item type Books
Holdings
Τύπος τεκμηρίου Βιβλιοθήκη Τρέχουσα τοποθεσία Barcode Αριθμός εισαγωγής Ημερομηνία απόκτησης Ταξιθετικό σύμβολο Αριθμός αντιτύπου Κατάσταση απόσυρσης Κατάσταση χαμένου Κατάσταση κατεστραμμένου Μη δανεισμός Σύνολο δανεισμών Ημερομηνία τελευταίας εμφάνισης Η τιμή ισχύει από
Books MC Athens Campus Library MC Athens Campus Library 9780000096944 7794 05/06/2025 621.3 HAM 1           05/06/2025 05/06/2025

MC Athens Campus Library
Πατησίων 94 & Κοδριγκτώνος 13, 104 34
Πελλήνης 8 & Πατησίων 107, 112 51
Τ: +30 210 8899600

MC Thessaloniki Campus Library
Ίωνος Δραγούμη 21, 54625 | Ίωνος Δραγούμη 15, 54625
Τ: +30 2310 287779 – Τ: +30 2314 440300